| 000 | 00567nam a2200181 a 4500 | ||
|---|---|---|---|
| 005 | 20220530120057.0 | ||
| 008 | 991125s1955 mx 000 0 spa u | ||
| 035 | _aUPN01000043337 | ||
| 049 | _aCG | ||
| 050 | 4 |
_aQL698.3 _bH6.38 |
|
| 100 | 1 | _aHoward, Len | |
| 245 | 1 | 4 |
_aLos pájaros y su individualidad / _cpor Len Howard ; tr. Ernestina de Champourcin. |
| 260 |
_aMéxico : _bFCE, _c1955. |
||
| 300 | _a251 p., [8] p. de láms. | ||
| 440 | 0 |
_aBreviarios del Fondo de Cultura Económica ; _v102 |
|
| 650 | 2 |
_aAves _xHábitos y comportamiento _94145 |
|
| 905 | _aLibro | ||
| 999 |
_c43337 _d43337 |
||